| 000 | 00934cab a22001815a 4500 | ||
|---|---|---|---|
| 001 | L145802 | ||
| 008 | 081111s2008 xxkd f 000 0 eng d | ||
| 035 | _a(Sirsi) u145802 | ||
| 041 | 0 | _aeng | |
| 110 | 2 |
_aMtech _95642 |
|
| 245 | 0 | 0 | _aOffsite directory 2008 |
| 490 |
_aBuilding Offsite Directory _v2008, 26-42 (11) |
||
| 520 | _aDirectory of offsite manufacturers. Includes company name, website address, telephone number and services or products provided by the company (volumetric modular construction, bathroom and kitchen pods, light steel frame, timber frame, structurally insulated panels, insulated concrete formwork, precast concrete, pre-engineered mechanical and electrical services, panellised walling systems, pre-assembled roofing systems, components, certification-warrant-association, and plant - software). | ||
| 590 | _aKA | ||
| 651 | 4 |
_aUnited Kingdom _y |
|
| 690 |
_aConstruction management _96230 |
||
| 942 | _n0 | ||
| 999 |
_c80941 _d80941 |
||